100 joueurs gallois avec la plus grosse valeur marchande - Statistiques

Statistiques générales
  • Ce quiz a été pris 17 fois
  • Le résultat moyen est 17 sur 100
Statistiques - réponses
Club Prix Réponse % Correct
Salford City 450k Declan John
88%
Tottenham 48 millions Brennan Johnson
81%
Leeds United 14 millions Daniel James
81%
Birmingham City 3,8 millions Jordan James
81%
Leyton Orient 250k Tom James
81%
Sheffield United 500k Adam Davies
75%
Tottenham 15 millions Ben Davies
75%
Leeds United 12 millions Ethan Ampadu
75%
KAS Eupen 400k Isaac Christie-Davies
75%
KV Kortrijk 800k Isaak Davies
75%
Sheffield United 2,5 millions Rhys Norrington-Davies
75%
Fulham 17 millions Harry Wilson
63%
Cheltenham Town 350k Ben Williams
56%
FC Gillingham 350k Jonathan Williams
56%
MK Dons 250k MJ Williams
56%
Nottingham Forest 17 millions Neco Williams
56%
Crewe Alexandra 400k Zac Williams
56%
Cardiff 1,5 millions Aaron Ramsey
50%
Leicester 3,5 millions Danny Ward
50%
Leeds United 6 millions Joe Rodon
38%
Bournemouth 2,5 millions Kieffer Moore
38%
Burnley 7 millions Connor Roberts
31%
Birmingham City 2,8 millions Tyler Roberts
31%
Nottingham Forest 250k Wayne Hennessey
31%
Bournemouth 9 millions David Brooks
19%
Swansea 350k Joe Allen
19%
Swansea 10 millions Ben Cabango
13%
Bournemouth 7 millions Chris Mepham
13%
Ipswich Town 500k Lee Evans
13%
Swansea 1,2 millions Liam Cullen
13%
St. Johnstone 400k Matt Smith
13%
Ipswich Town 3,5 millions Nathan Broadhead
13%
Walsall 200k Owen Evans
13%
Bristol Rovers 1,8 millions Aaron Collins
6%
Bristol City 200k Andy King
6%
Leyton Orient 300k Brandon Cooper
6%
Swansea 350k Cameron Congreve
6%
(sans club) 350k Gwion Edwards
6%
Coventry City 2 millions Jay Dasilva
6%
Portsmouth 350k Joe Morrell
6%
Bolton 200k Josh Sheehan
6%
Stevenage 200k Louis Thompson
6%
Sunderland 800k Niall Huggins
6%
Swansea 3 millions Oliver Cooper
6%
Newcastle 900k Paul Dummett
6%
Glasgow Rangers 2,5 millions Rabbi Matondo
6%
Cardiff 1 million Rubin Colwill
6%
Wycombe 275k Sam Vokes
6%
Millwall 600k Tom Bradshaw
6%
Wolves 200k Tom King
6%
Luton Town 3,5 millions Tom Lockyer
6%
Omonia Nicosie 400k Adam Matthews
0%
Ross County 200k Alex Samuel
0%
Preston 600k Andrew Hugues
0%
Bradford City 350k Ash Taylor
0%
Preston 900k Ben Woodburn
0%
Oxford United 250k Billy Bodin
0%
Reading 600k Charlie Savage
0%
Charlton 1 million Chem Campbell
0%
Huddersfield Town 250k Chris Maxwell
0%
FC Chester 225k Christian Norton
0%
Preston 200k David Cornell
0%
Hibernian 800k Dylan Levitt
0%
Chelsea 250k Eddie Beach
0%
Leyton Orient 350k Ed Turns
0%
Mansfield Town 250k Elliott Hewitt
0%
Shrewsbury Town 250k Elliot Thorpe
0%
MK Dons 300k Ellis Harrison
0%
Oxford United 300k Fin Stevens
0%
Cambridge United 275k George Thomas
0%
Grimsby Town 250k Harry Clifton
0%
Lincoln City 600k Jack Vale
0%
FC Morecambe 600k James Connolly
0%
FC Nuremberg 500k James Lawrence
0%
Arsenal 250k James Sweet
0%
Colchester United 250k Joe Taylor
0%
Kilmarnock 325k Joe Wright
0%
Salford City 200k Liam Shephard
0%
Bristol Rovers 350k Luca Hoole
0%
Fulham 1 million Luke Harris
0%
St. Johnstone 275k Luke Jephcott
0%
Oxford United 800k Mark Harris
0%
Killmarnock 250k Marley Watkins
0%
Newport County 250k Matthew Baker
0%
Port Vale 250k Mitchell Clark
0%
Inverness CT 300k Morgan Boyes
0%
Queens Park Rangers 600k Morgan Fox
0%
Cheltenham Town 250k Oliver Hammond
0%
Dundee FC 600k Owen Beck
0%
Portsmouth 450k Regan Poole
0%
Everton 600k Ryan Astley
0%
Fleetwood Town 350k Ryan Broom
0%
Blackburn 1,2 millions Ryan Hedges
0%
Ross County 300k Ryan Leak
0%
Huddersfield Town 4,8 millions Sorba Thomas
0%
Charlton 300k Terry Taylor
0%
Glasgow Rangers 3,5 millions Tom Lawrence
0%
Ipswich Town 1,2 millions Wes Burns
0%
Sheffield Wednesday 900k Will Vaulks
0%
Bolton 250k Zac Ashworth
0%
Aucun quiz correspondant
Distribution des résultats
% des personnes avec chaque résultat
Percentile par nombre de réponses
Votre historique - résultats
Vous n’avez pas pris ce quiz